| 000 | 00805nam a22002297a 4500 | ||
|---|---|---|---|
| 999 |
_c5729 _d5729 |
||
| 003 | AR-CdUCM | ||
| 008 | 190313b ||||| |||| 00| 0 spa d | ||
| 040 |
_aMUNICIPALIDAD PROVINCIAL DEL CUSCO _cBIBLIOTECA MUNICIPAL DEL CUSCO |
||
| 082 |
_a869.56 / _bV14 |
||
| 100 |
_aValdivia, Oscar _910062 |
||
| 245 | _aPoemas para iluminar / | ||
| 260 |
_aArequipa : _bEds. de la Casa de la Cultura, _c1964. |
||
| 300 |
_a28 paginas ; _c20 cm. |
||
| 500 |
_aDonación familia Nieto _aSegundo Premio del Concurso de Poesía de la Casa de la Cultura de la Municipalidad de Arequipa. 1964 |
||
| 505 | _aContenido :Poesías / | ||
| 650 |
_aLiteratura peruana _9169 |
||
| 650 |
_aPoesías _92272 |
||
| 650 |
_aSiglo XX _98 |
||
| 700 |
_aCasa de la Cultura de Arequipa _917057 |
||
| 942 |
_2ddc _cLIBROS |
||
| 945 | _arjall | ||